01500nam a2200457 i 450000100060000000300080000600500170001400600190003100700150005000800410006502000270010602000180013303500230015103500240017403500250019803500210022304000310024405000260027508000080030108200170030910000210032624500580034726400370040530000410044233600310048333700330051433800430054749000360059050000220062658801280064860000210077665000310079765000340082865000150086265000160087765000110089365000120090465500270091683000370094385600620098026046FlNmELB20241216215854.0m o d | cr cnu||||||||170221s2016 sp o 001 e spa d a9788446043102 (e-book) z9788446042822 a(MiAaPQ)EBC4794970 a(Au-PeEL)EBL4794970 a(CaPaEBR)ebr11335600 a(OCoLC)991898764 aFINmELBbspaerdacFINmELB 4aHX244.7.A7bA545 2016 a3290 a335.40922231 aAnderson, Perry.14aLos orígenes de la posmodernidad /cPerry Anderson. 1aMadrid :bEdiciones Akal,c2016. a1 recurso en línea (143 páginas) atextobtxt2rdacontent/spa acomputadorabc2rdamedia/spa arecurso en líneabcr2rdacarrier/spa1 aCuestiones de antagonismo ;v90 aIncluye índice. aDescripción basada en recurso en línea; Título de la página del título en PDF (e-libro, visto February 21, 2017).10aAnderson, Perry. 0aPolitical sciencezEurope. 4aCiencias políticaszEuropa. 0aSocialism. 4aSocialismo. 0aEssay. 4aEnsayo. 4aLibros electrónicos. 0aCuestiones de antagonismo ;v90.40uhttps://elibro.net/ereader/politecnicointernacional/49797